[Event "Titled Tuesday intern op 25th Jul Early"]
[Site "Chess.com INT"]
[Date "2023.07.25"]
[Round "2"]
[White "Montes Orozco, Miguel Angel"]
[Black "Mizzi, Jack"]
[Result "0-1"]
[WhiteElo "2089"]
[BlackElo "1986"]
[PlyCount "84"]
[EventDate "2023.07.25"]
[EventType "swiss (blitz)"]
[EventRounds "11"]
[EventCountry "USA"]
[SourceTitle "EXT 2024"]
[Source "ChessBase"]
[SourceDate "2023.10.10"]
[SourceVersion "1"]
[SourceVersionDate "2023.10.10"]
[SourceQuality "1"]

1. e4 c6 2. Nc3 d5 3. Nf3 dxe4 4. Nxe4 Bf5 5. Ng3 Bg6 6. h4 h6 7. Ne5 Bh7 8. Bc4 e6 9. Qh5 Qe7 10. d4 Nf6 11. Qe2 g6 12. Bd2 Bg7 13. 0-0-0 0-0 14. Bd3 Nbd7 15. Kb1 c5 16. h5 g5 17. Nxd7 Qxd7 18. Bxh7+ Kxh7 19. dxc5 Qd5 20. Bc3 Qxc5 21. Bxf6 Bxf6 22. Ne4 Qe5 23. Nxf6+ Qxf6 24. Rd7 Rab8 25. f3 Rfd8 26. Qe4+ Kg7 27. Rxb7 Rxb7 28. Qxb7 Rd2 29. Qxa7 Rxg2 30. Qe3 Rg3 31. Rf1 g4 32. a4 Rxf3 33. Rxf3 Qxf3 34. Qd4+ Kh7 35. a5 g3 36. a6 Qf1+ 37. Ka2 Qxa6+ 38. Kb3 Qb5+ 39. Kc3 Qf5 40. Kd2 g2 41. b4 Qg5+ 42. Ke2 g1Q 0-1

[Event "Titled Tuesday intern op 11th Apr Early"]
[Site "Chess.com INT"]
[Date "2023.04.11"]
[Round "8"]
[White "Halldorsson, Halldor Brynjar"]
[Black "Montes Orozco, Miguel Angel"]
[Result "0-1"]
[WhiteElo "2155"]
[BlackElo "2104"]
[PlyCount "74"]
[EventDate "2023.04.11"]
[EventType "swiss (blitz)"]
[EventRounds "11"]
[EventCountry "USA"]
[SourceTitle "CBM 213 Extra"]
[Source "ChessBase"]
[SourceDate "2023.05.31"]
[SourceVersion "1"]
[SourceVersionDate "2023.05.31"]
[SourceQuality "1"]

1. e4 e5 2. Nf3 Nc6 3. Bb5 a6 4. Ba4 Nf6 5. 0-0 Nxe4 6. d4 b5 7. Bb3 d5 8. dxe5 Be6 9. c3 Be7 10. Nbd2 Nc5 11. Bc2 0-0 12. Nd4 Qd7 13. f4 f5 14. Nxe6 Qxe6 15. b4 Ne4 16. Nxe4 fxe4 17. Bb3 Rad8 18. Be3 Kh8 19. Qc2 Qf5 20. Rad1 d4 21. cxd4 Nxb4 22. Qxc7 Rd7 23. Qc3 Nd3 24. Rxd3 exd3 25. d5 Qe4 26. Qd4 Qxd4 27. Bxd4 d2 28. Rd1 Rxf4 29. Be3 Re4 30. e6 Rc7 31. Bxd2 Rd4 32. Be3 Rxd1+ 33. Bxd1 Bd6 34. g3 Kg8 35. Kf2 Kf8 36. Bg5 h6 37. Kf3 hxg5 0-1

[Event "Titled Tuesday intern op 11th Apr Early"]
[Site "Chess.com INT"]
[Date "2023.04.11"]
[Round "5"]
[White "Montes Orozco, Miguel Angel"]
[Black "Seo, Jung Min"]
[Result "0-1"]
[WhiteElo "2104"]
[BlackElo "2500"]
[PlyCount "104"]
[EventDate "2023.04.11"]
[EventType "swiss (blitz)"]
[EventRounds "11"]
[EventCountry "USA"]
[SourceTitle "CBM 213 Extra"]
[Source "ChessBase"]
[SourceDate "2023.05.31"]
[SourceVersion "1"]
[SourceVersionDate "2023.05.31"]
[SourceQuality "1"]

1. e4 c5 2. Nc3 e6 3. Nf3 Nc6 4. d4 cxd4 5. Nxd4 Qc7 6. Nb3 Nf6 7. Bd3 a6 8. f4 d6 9. Qf3 b5 10. 0-0 Bb7 11. Bd2 Be7 12. Rae1 0-0 13. Qh3 g6 14. f5 Ne5 15. Bh6 Rfe8 16. fxe6 Bc8 17. exf7+ Nxf7 18. Qh4 Ng4 19. Qg3 Nfxh6 20. Nd5 Qa7+ 21. Kh1 Be6 22. h3 Ne5 23. Nf4 Bf7 24. Nd2 Rf8 25. Nf3 Nxf3 26. Rxf3 Qd4 27. Ref1 Qxb2 28. Nh5 Be6 29. Nf4 Qe5 30. Nxg6 Rxf3 31. Nxe7+ Kf7 32. Rxf3+ Kxe7 33. Qh4+ Kd7 34. Qxh6 Bxa2 35. Qxh7+ Kc6 36. Rf5 Qd4 37. Rd5 Bxd5 38. exd5+ Kb6 39. Qd7 Qc5 40. Be4 a5 41. h4 a4 42. c4 bxc4 43. h5 a3 44. Qg7 a2 45. Qa1 Qb4 46. h6 c3 47. h7 Qb2 48. Qg1+ Kb7 49. Qd4 a1Q+ 50. Kh2 c2 51. h8Q Rxh8+ 52. Qxh8 Qxh8+ 0-1

[Event "Titled Tuesday intern op 04th Apr Early"]
[Site "Chess.com INT"]
[Date "2023.04.04"]
[Round "10"]
[White "Montes Orozco, Miguel Angel"]
[Black "Iskusnyh, Sergei"]
[Result "0-1"]
[WhiteElo "2104"]
[BlackElo "2440"]
[PlyCount "92"]
[EventDate "2023.04.04"]
[EventType "swiss (blitz)"]
[EventRounds "11"]
[EventCountry "USA"]
[SourceTitle "EXT 2024"]
[Source "ChessBase"]
[SourceDate "2023.10.10"]
[SourceVersion "1"]
[SourceVersionDate "2023.10.10"]
[SourceQuality "1"]

1. e4 e6 2. d4 d5 3. Nc3 Nf6 4. e5 Nfd7 5. Nf3 c5 6. Bg5 Qa5 7. dxc5 Nc6 8. Qd2 Bxc5 9. 0-0-0 Bb4 10. Kb1 Bxc3 11. Qxc3 Qxc3 12. bxc3 Ndxe5 13. Nxe5 Nxe5 14. f4 Ng4 15. Bb5+ Bd7 16. Bxd7+ Kxd7 17. Rhe1 Rhc8 18. h3 Nf6 19. Bxf6 gxf6 20. Rd3 Rc4 21. f5 h5 22. Rf3 Ke7 23. fxe6 fxe6 24. Rf5 Rg8 25. Rxh5 Rxg2 26. Rh7+ Kd6 27. Rxb7 Rxc3 28. Rxa7 Rgxc2 29. Ra6+ Rc6 30. Ra3 Rh2 31. Rf1 f5 32. Re3 d4 33. Rd3 Kd5 34. Rf4 Rc4 35. a3 Ke5 36. Rf1 Ke4 37. Rdf3 Rc3 38. Rxc3 dxc3 39. Re1+ Kd3 40. a4 Rb2+ 41. Kc1 Ra2 42. Kb1 Rxa4 43. Rxe6 Rf4 44. Re1 Kd2 45. Rc1 Rb4+ 46. Ka2 Kxc1 0-1

[Event "Titled Tuesday intern op 28th Mar Late"]
[Site "Chess.com INT"]
[Date "2023.03.28"]
[Round "6"]
[White "Dudzinski, Pawel"]
[Black "Montes Orozco, Miguel Angel"]
[Result "1-0"]
[WhiteElo "2186"]
[BlackElo "2104"]
[PlyCount "67"]
[EventDate "2023.03.28"]
[EventType "swiss (blitz)"]
[EventRounds "11"]
[EventCountry "USA"]
[SourceTitle "EXT 2024"]
[Source "ChessBase"]
[SourceDate "2023.10.10"]
[SourceVersion "1"]
[SourceVersionDate "2023.10.10"]
[SourceQuality "1"]

1. e4 e5 2. Nf3 Nc6 3. d4 exd4 4. Nxd4 Qf6 5. Nxc6 Bc5 6. Qf3 Qxf3 7. gxf3 dxc6 8. Be3 Bb6 9. Nd2 Be6 10. Rg1 g6 11. Bc4 0-0-0 12. Bxe6+ fxe6 13. f4 e5 14. Bxb6 cxb6 15. fxe5 Re8 16. f4 Nh6 17. Ke2 Nf7 18. Nf3 Kc7 19. Rad1 Nd8 20. Ke3 Ne6 21. Ng5 Ng7 22. Rd6 Rhf8 23. Rgd1 Re7 24. c4 Nh5 25. Ne6+ Rxe6 26. Rxe6 Rxf4 27. Re7+ Kc8 28. Rdd7 Rh4 29. Rc7+ Kd8 30. Red7+ Ke8 31. Rxh7 Rh3+ 32. Kf2 Rxh2+ 33. Kg1 Rd2 34. Rh8# 1-0

[Event "Titled Tuesday intern op 28th Mar Late"]
[Site "Chess.com INT"]
[Date "2023.03.28"]
[Round "2"]
[White "Montes Orozco, Miguel Angel"]
[Black "Gavrilin, Roman"]
[Result "0-1"]
[WhiteElo "2104"]
[BlackElo "2152"]
[PlyCount "126"]
[EventDate "2023.03.28"]
[EventType "swiss (blitz)"]
[EventRounds "11"]
[EventCountry "USA"]
[SourceTitle "EXT 2024"]
[Source "ChessBase"]
[SourceDate "2023.10.10"]
[SourceVersion "1"]
[SourceVersionDate "2023.10.10"]
[SourceQuality "1"]

1. e4 c5 2. Nf3 d6 3. Nc3 Nf6 4. Bc4 e6 5. d4 cxd4 6. Nxd4 a6 7. Bb3 Be7 8. 0-0 0-0 9. Be3 Nc6 10. f4 Bd7 11. f5 Nxd4 12. Bxd4 e5 13. Be3 Bc6 14. Qd3 Rc8 15. Rad1 b5 16. Bg5 b4 17. Bxf6 bxc3 18. Bxe7 Qxe7 19. f6 gxf6 20. bxc3 Kh8 21. Rf3 Rg8 22. Bd5 Bxd5 23. Qxd5 Rg4 24. Rdf1 Rcg8 25. g3 R4g6 26. Rd1 Rd8 27. Rfd3 Kg7 28. Qc6 h5 29. Rxd6 Rxd6 30. Qxd6 Qa7+ 31. Kg2 h4 32. Qd3 hxg3 33. hxg3 a5 34. Rh1 Qc7 35. Qf3 Rg5 36. Rd1 Qc4 37. Rd6 Rg6 38. Qd3 Qxa2 39. c4 Qb2 40. c5 a4 41. Ra6 a3 42. Rxa3 Qc1 43. Qf3 Rh6 44. Qg4+ Kh7 45. Qf5+ Kg7 46. Qg4+ Rg6 47. Qf3 Qd2+ 48. Qf2 Qd1 49. Rf3 Rh6 50. Qf1 Qxc2+ 51. Qf2 Qc3 52. Rf5 Qc4 53. g4 Qxe4+ 54. Qf3 Qc2+ 55. Qf2 Qc4 56. Kg3 Rg6 57. g5 Rxg5+ 58. Rxg5+ fxg5 59. Qe3 Qf4+ 60. Qxf4 gxf4+ 61. Kf3 Kf6 62. Ke4 Ke6 63. c6 f5+ 0-1

[Event "World ol U16"]
[Site "Nakhchivan"]
[Date "2022.10.09"]
[Round "8.10"]
[White "Montes Orozco, Miguel Angel"]
[Black "Levitan, Caleb Levi"]
[Result "0-1"]
[WhiteElo "2060"]
[BlackElo "2063"]
[PlyCount "226"]
[EventDate "2022.10.02"]
[EventType "team-swiss"]
[EventRounds "9"]
[EventCountry "AZE"]
[SourceTitle "CBM 210 Extra"]
[Source "ChessBase"]
[SourceDate "2022.11.30"]
[SourceVersion "1"]
[SourceVersionDate "2022.11.30"]
[SourceQuality "1"]
[WhiteTeam "Mexico"]
[BlackTeam "South Africa"]
[WhiteTeamCountry "MEX"]
[BlackTeamCountry "RSA"]

1. d4 d5 2. c4 e6 3. Nf3 Nf6 4. Nc3 a6 5. c5 b6 6. cxb6 cxb6 7. Bf4 Bb7 8. e3 Bd6 9. Bxd6 Qxd6 10. Ne5 0-0 11. Bd3 Nbd7 12. f4 Ne4 13. 0-0 f6 14. Nxd7 Qxd7 15. Bxe4 dxe4 16. Qb3 Qd6 17. Rfc1 Rfc8 18. Rc2 b5 19. Rac1 f5 20. Ne2 Rxc2 21. Qxc2 Rc8 22. Qd2 Rxc1+ 23. Qxc1 Qb4 24. Kf2 h6 25. Qc2 a5 26. a3 Qe7 27. Qc5 Qd7 28. Nc3 Bc6 29. Qb6 a4 30. d5 exd5 31. Ne2 Qc8 32. Nd4 Be8 33. Qd6 Qd7 34. Qe5 g6 35. h3 h5 36. Qe6+ Qxe6 37. Nxe6 Kf7 38. Nc7 Bc6 39. Ke1 Ke7 40. Kd2 Kd6 41. Na6 Bb7 42. Nb4 h4 43. Kc3 Kc5 44. Nc2 Bc8 45. Nd4 Bd7 46. b4+ Kd6 47. Ne2 Be8 48. Kd4 Bd7 49. g3 hxg3 50. Nxg3 Bc6 51. Ne2 Be8 52. Nc3 Bc6 53. h4 Be8 54. Nxd5 Bf7 55. Nc3 Be8 56. Nd5 Bf7 57. Nc3 Be8 58. Ne2 Bc6 59. Ng3 Bd7 60. h5 gxh5 61. Nxh5 Be8 62. Ng3 Bg6 63. Nh1 Bf7 64. Nf2 Be6 65. Nh3 Bc4 66. Ng5 Bg8 67. Nxe4+ fxe4 68. Kxe4 Bb3 69. Kd4 Bc2 70. e4 Ke6 71. Kc5 Bd3 72. Kd4 Bf1 73. Kc5 Bc4 74. Kc6 Bd3 75. Kc5 Be2 76. Kc6 Bf1 77. Kc5 Bd3 78. Kd4 Bf1 79. Kc5 Be2 80. Kc6 Bc4 81. Kc5 Be2 82. Kc6 Bc4 83. Kc5 Kf6 84. Kd6 Bd3 85. Kc5 Kg6 86. Kd4 Bc4 87. Ke5 Kh5 88. Kf6 Kg4 89. Ke5 Kf3 90. f5 Kg4 91. Kf6 Bd3 92. Ke5 Kg5 93. Kd4 Bc4 94. Ke5 Bb3 95. Kd4 Kf6 96. Kc5 Bc4 97. Kd6 Bd3 98. Kd5 Be2 99. Kd6 Bc4 100. Kc6 Ke5 101. Kc5 Bd3 102. Kb6 Be2 103. Kc6 Bf1 104. Kb6 Be2 105. Kc6 Bf1 106. Kb6 Bd3 107. Kc6 Bc4 108. Kc5 Kxe4 109. f6 Kd3 110. f7 Bxf7 111. Kxb5 Be8+ 112. Kc5 Kc3 113. b5 Bxb5 0-1

[Event "Mexico City Independence Cup 11th"]
[Site "Mexico City"]
[Date "2022.09.16"]
[Round "4"]
[White "Montes Orozco, Miguel Angel"]
[Black "Herrera Ortiz, Miguel"]
[Result "1/2-1/2"]
[WhiteElo "2060"]
[BlackElo "2272"]
[PlyCount "60"]
[EventDate "2022.09.14"]
[EventType "tourn"]
[EventRounds "7"]
[EventCountry "MEX"]
[SourceTitle "CBM 210 Extra"]
[Source "ChessBase"]
[SourceDate "2022.11.30"]
[SourceVersion "1"]
[SourceVersionDate "2022.11.30"]
[SourceQuality "1"]

1. d4 d5 2. Nf3 Nf6 3. c4 e6 4. Nc3 Be7 5. Bf4 0-0 6. e3 b6 7. cxd5 Nxd5 8. Nxd5 Qxd5 9. Bd3 Qa5+ 10. Nd2 Ba6 11. Bxa6 Qxa6 12. Qe2 c5 13. dxc5 Bxc5 14. Qxa6 Nxa6 15. Ke2 Nb4 16. Ne4 Be7 17. Bd6 Bxd6 18. Nxd6 Rfd8 19. Rhd1 Nd5 20. Nb5 a6 21. Nd4 Rac8 22. Rac1 Ne7 23. f4 Kf8 24. g4 Rxc1 25. Rxc1 Rc8 26. Rxc8+ Nxc8 27. Nc6 Ke8 28. b4 Ne7 29. Nxe7 Kxe7 30. Kd3 Ke8 1/2-1/2

[Event "Olympiad-44"]
[Site "Chennai"]
[Date "2022.07.31"]
[Round "3.4"]
[White "Montes Orozco, Miguel Angel"]
[Black "Sabure, Bojosi"]
[Result "1-0"]
[WhiteElo "2070"]
[BlackElo "1966"]
[PlyCount "119"]
[EventDate "2022.07.29"]
[EventType "team-swiss"]
[EventRounds "11"]
[EventCountry "IND"]
[SourceTitle "CBM 210"]
[Source "ChessBase"]
[SourceDate "2022.10.31"]
[SourceVersion "1"]
[SourceVersionDate "2022.10.31"]
[SourceQuality "1"]
[WhiteTeam "Mexico"]
[BlackTeam "Botswana"]
[WhiteTeamCountry "MEX"]
[BlackTeamCountry "BOT"]

1. d4 d6 2. Nf3 Nf6 3. c4 Nbd7 4. Nc3 e5 5. e4 Be7 6. Be2 0-0 7. 0-0 c6 8. Re1 a6 9. a4 Re8 10. Bf1 Qc7 11. h3 Nf8 12. a5 Ng6 13. Be3 Bf8 14. Qd2 Nh5 15. g3 Qe7 16. Bg2 h6 17. Na4 Nf6 18. Qc2 Be6 19. Rad1 Qc7 20. dxe5 dxe5 21. Bb6 Qc8 22. Kh2 h5 23. Re3 h4 24. Red3 Be7 25. Nd2 c5 26. Nc3 Bd8 27. Bxd8 Rxd8 28. Nd5 Qc6 29. Nb3 Re8 30. Nb6 Rab8 31. Qe2 Qc7 32. Qe3 Rbd8 33. Qxc5 Qb8 34. Qe3 Ne7 35. Qd2 Nc6 36. Rxd8 Rxd8 37. Nd5 Bxd5 38. cxd5 Ne7 39. Qb4 Ng6 40. Nc5 Qd6 41. Qb6 Qf8 42. Nxb7 Rb8 43. Qc7 Rc8 44. Qd6 Qe8 45. Qb4 Rb8 46. Bf1 Qc8 47. Bxa6 Qc2 48. Rd2 hxg3+ 49. fxg3 Qc1 50. Qc3 Qe1 51. Re2 Qf1 52. Qe1 Qf3 53. Re3 Qh5 54. Qe2 Qh6 55. Rc3 Nf4 56. gxf4 Qxf4+ 57. Rg3 Nxe4 58. Qg4 Qf6 59. Qxe4 Qxa6 60. Qxe5 1-0